000 00649cam a22002294a 4500
020 _a3880855218
020 _a3631300379
040 _cDLC
082 _a332 MIC 1998 C289 Or.
100 1 _aKirk, Michael,
245 1 0 _a Land tenure in development cooperation :
_bguiding principles /
260 _aFrankfurt am Main ;
_aNew York :
_bPeter Lang,
_cc1998
300 _axx, 484 p. :
_bill., maps ;
_c23 cm
650 0 _aLand tenure
650 0 _aFarm tenancy
650 0 _aLand use
650 0 _aAgriculture
650 0 _aAgriculture
650 0 _aTechnological innovations
650 0 _aConservation of natural resources
942 _cAEDBB
999 _c22395
_d22395